nazwy lokomotyw, wagonów i EZT w żargonie kolejowym - Statystyki

Ogólne statystyki
  • Ten quiz został rozwiązany 303 razy
  • Średni wynik to 22 z 46
Statystyki odpowiedzi
seria w żargonie kolejowym % Poprawnych
EN57 Kibel
93%
ST44 Gagarin
86%
ET22 Byk
85%
ET41 Bliźniak/Bolek i Lolek/Jamnik/Łamaniec
75%
Wagony BHP Bipa
70%
EP/EU07 Siódemka
70%
SM42 Stonka/Wibrator
70%
EP05 Czesio
69%
EU44 Husarz/Odkurzacz
69%
ET42 Czapajew/rusek
67%
Ep09 Epoka
67%
ED250 Dziobak
66%
Su46 Suka
66%
SU45 Fiat
61%
ST43 Rumun
60%
EU06 Anglik
55%
Bdhpumn Bohun
55%
EP08 Świnia
55%
ED74 Edyta
54%
SM48 Tamara
50%
ET21 Sputnik
49%
seria 754 Nurek
48%
SM31 Trumna
48%
BR232 Ludmiła
46%
SM03 Kaczka
43%
ET40 Bombowiec
41%
EN57AKM Chinka/Turbokibel
39%
120A (Bh Bonanza
37%
ED161 Karp
36%
ST44(modernizacja) Batman
33%
EL2 Krokodyl
33%
Tkt48 Tekatka
32%
SN61 Ganz
31%
Pm36 Piękna Helena
31%
Ol49 Oelka
30%
EN77(acatus 2) Kaktus
28%
Pesa Link Rekin
28%
EN57(20xx) Spot
28%
Class 66 (freightliner) Szerszeń
28%
Ok1 Oka
26%
Eu47 Hetman
25%
wagon bezprzedziałowy 2 klasy (typu 43A, 101A lub 102A) Ryflak
23%
Typ 810 Motorak
22%
14We Kaczokibel
20%
19WE Anakonda
11%
Ok22 Okawka
7%
Nie znaleziono quizów pasujących do podanych kryteriów
Rozkład punktacji
Procent ludzi z każdym wynikiem
Percentyl według liczby udzielonych odpowiedzi
Twoja historia wyników
Nie rozwiązałeś tego quizu